01679cam a22003018a 45000010009000000050017000090080041000260100017000670200025000840400013001090500022001220820019001441000025001632450069001882600044002572630009003013000020003104900027003305040062003575200675004196500035010946500032011297000025011617000029011869420012012159990017012279520133012441596798420091030180137.0091030s2010 enk |rb 001 0 eng  a 2009046190 a9780333968895 (pbk.) aDLCcDLC00aJC330b.K438 200900a306.2222bKID1 aKidd, Warren.91240610aPolitics and Power /cWarren Kidd, Karen Legge, Philippe Harari. aLondon:bPalgrave Macmillan, 2010c2010 a0912 a241 p.;c23 cm. aSkills-based Sociology aIncludes bibliographical references(p.228-235) and index. a"Politics and Power offers a lively and up-to-date overview of classic and contemporary debates in an important sub-area of the discipline. As with other titles in the series, it provides both a careful blend of theory, evidence and examples and a stimulating array of exercises and activities for the student to apply and reinforce their understanding. Covering issues and debates ranging from theories of power, the state and nationalism to voting patterns, political ideologies, and the role of direct action in political processes, it is an ideal starting-point for any student wishing to gain a strong basic grounding in political sociology"--Provided by publisher. 0aPower (Social sciences)912407 0aPolitical sociology.9124081 aLegge, Karen.9124091 aHarari, Philippe.912410 2ddccNB c13619d13619 00102ddc40708BaccahaMAINbMAINc1STd2010-03-10epurchasel9m40o306.2 KIDp000020101r2025-07-15 00:00:00s2016-10-26yBB